• 首页
  • 本馆介绍
  • 公告通知
  • 最新文献
  • 馆藏检索
  • 电子资源
  • 读者导购
  • 参考咨询
  • 我的图书馆
  • 登录
  • 期刊详细显示
  • 现刊情况显示
  • 合订本情况显示
  • 篇目信息显示

期刊信息

  • 表格格式
  • 工作单格式
  • 卡片格式
索取号 
B0/PHILOSOPHY
题名 
PHILOSOPHY
作者 
RENFORD BAMBROUGH
分册号 
分册名 
出版地 
出版者 
CAMBRIDGE UNIVERSITY PRESS
标准刊号 
0031-8191
出版频率 
季刊
中图法分类 
B0
主题词 
哲学理论
电子资源 
000 00684nas0 2200193 45
001 0740867763
005 20070416141212.43
011    @a0031-8191@d$142.00(U.S.1989)
100    @a20070416d km y0chiy0120 ea
101 0  @aeng
200 1  @aPHILOSOPHY@fRENFORD BAMBROUGH
207    @aPhilosophy is published quarterly in January,April,July and October .The well-established PIP Lecture Series,formerly published separately,has been included in the subscription price to Philosophy since 1982.
210    @cCAMBRIDGE UNIVERSITY PRESS
326    @a季刊
606 0  @a哲学理论
690    @aB0@v4
701  0 @aRENFORD BAMBROUGH
801  0 @aCN@bPFT@c20070416
905    @aTJWY@dB0@ePHILOSOPHY
    
    PHILOSOPHY/RENFORD BAMBROUGH.-Philosophy is published quarterly in January,April,July and October .The well-established PIP Lecture Series,formerly published separately,has been included in the subscription price to Philosophy since 1982.-CAMBRIDGE UNIVERSITY PRESS
    
    
    
    ISSN 0031-8191:$142.00(U.S.1989)
    
●
相关链接: 在易读查询期刊 在中国知网中查询期刊 在万方数据查询期刊 在维普查询期刊
唐山师范学院图书馆 欢迎您!
大连网信软件有限公司© 版权所有